Estado de conservacion de la Ictiofauna de las sierras pampeanas de la Provincia de Cordoba, Argentina (Registro nro. 240456)
[ vista simple ]
| 001 - NÚMERO DE CONTROL | |
|---|---|
| campo de control | 752671 |
| 005 - FECHA Y HORA DE LA ÚLTIMA TRANSACCIÓN | |
| campo de control | 20250312092724.0 |
| 008 - DATOS DE LONGITUD FIJA--INFORMACIÓN GENERAL | |
| campo de control de longitud fija | 020617s2001 spa |
| 035 ## - NÚMERO DE CONTROL DEL SISTEMA | |
| Número de control de sistema | 752671 |
| 035 ## - NÚMERO DE CONTROL DEL SISTEMA | |
| Número de control de sistema | (OCoLC)819970771 |
| 040 ## - FUENTE DE LA CATALOGACIÓN | |
| Centro/agencia transcriptor | comduadb |
| 041 ## - CÓDIGO DE LENGUA | |
| Código de lengua del texto/banda sonora o título independiente | spa |
| 100 10 - ENTRADA PRINCIPAL--NOMBRE DE PERSONA | |
| Nombre de persona | Orlandini, Sandra L. |
| Código de función | aut |
| Término indicativo de función/relación | Autor/a |
| 9 (RLIN) | 358102 |
| 245 10 - MENCIÓN DE TÍTULO | |
| Título | Estado de conservacion de la Ictiofauna de las sierras pampeanas de la Provincia de Cordoba, Argentina |
| 650 ## - PUNTO DE ACCESO ADICIONAL DE MATERIA--TÉRMINO DE MATERIA | |
| Término de materia o nombre geográfico como elemento de entrada | Ictiofauna |
| 9 (RLIN) | 95648 |
| 650 #7 - PUNTO DE ACCESO ADICIONAL DE MATERIA--TÉRMINO DE MATERIA | |
| Término de materia o nombre geográfico como elemento de entrada | Peces |
| Fuente del encabezamiento o término | lemb |
| 9 (RLIN) | 69255 |
| 650 ## - PUNTO DE ACCESO ADICIONAL DE MATERIA--TÉRMINO DE MATERIA | |
| Término de materia o nombre geográfico como elemento de entrada | Ictiologia |
| 9 (RLIN) | 43503 |
| 650 ## - PUNTO DE ACCESO ADICIONAL DE MATERIA--TÉRMINO DE MATERIA | |
| Término de materia o nombre geográfico como elemento de entrada | Supervivencia |
| 9 (RLIN) | 23510 |
| 650 #7 - PUNTO DE ACCESO ADICIONAL DE MATERIA--TÉRMINO DE MATERIA | |
| Término de materia o nombre geográfico como elemento de entrada | Peces de agua dulce |
| Fuente del encabezamiento o término | lemb |
| 9 (RLIN) | 37484 |
| 650 ## - PUNTO DE ACCESO ADICIONAL DE MATERIA--TÉRMINO DE MATERIA | |
| Término de materia o nombre geográfico como elemento de entrada | Fauna |
| 9 (RLIN) | 32813 |
| 650 ## - PUNTO DE ACCESO ADICIONAL DE MATERIA--TÉRMINO DE MATERIA | |
| Término de materia o nombre geográfico como elemento de entrada | Ecologia de peces |
| 9 (RLIN) | 8082 |
| 650 #7 - PUNTO DE ACCESO ADICIONAL DE MATERIA--TÉRMINO DE MATERIA | |
| Término de materia o nombre geográfico como elemento de entrada | Estadística |
| Fuente del encabezamiento o término | dcs |
| 9 (RLIN) | 1736 |
| 650 #7 - PUNTO DE ACCESO ADICIONAL DE MATERIA--TÉRMINO DE MATERIA | |
| Término de materia o nombre geográfico como elemento de entrada | Longevidad |
| Fuente del encabezamiento o término | embne |
| 9 (RLIN) | 12088 |
| 650 ## - PUNTO DE ACCESO ADICIONAL DE MATERIA--TÉRMINO DE MATERIA | |
| Término de materia o nombre geográfico como elemento de entrada | Conservación de los recursos |
| 9 (RLIN) | 23925 |
| 651 #7 - PUNTO DE ACCESO ADICIONAL DE MATERIA--NOMBRE GEOGRÁFICO | |
| Nombre geográfico | Argentina |
| Fuente del encabezamiento o término | embne |
| 9 (RLIN) | 870550 |
| 700 10 - ENTRADA AGREGADA--NOMBRE PERSONAL | |
| Nombre de persona | Aun, Liliana |
| Código de función | aut |
| Término indicativo de función/relación | Autor/a |
| 9 (RLIN) | 305639 |
| 700 10 - ENTRADA AGREGADA--NOMBRE PERSONAL | |
| Nombre de persona | Martori, Ricardo |
| Código de función | aut |
| Término indicativo de función/relación | Autor/a |
| 9 (RLIN) | 305640 |
| 773 0# - ENLACE AL DOCUMENTO FUENTE/ENTRADA DE REGISTRO ANFITRIÓN | |
| Título | Boletín de la Sociedad de Biología de Concepción (Concepción, Chile) |
| Parte(s) relacionada(s) | Vol. 72, 2001, p. 91-103 |
| Número de control del registro | 94503 |
| Número Internacional Estándar del Libro | 0037850X |
| Número bibliográfico anfitrión | 91547 |
| 942 ## - ELEMENTOS DE ENTRADA AGREGADA (KOHA) | |
| Tipo de ítem Koha | Artículo de Revista |
No hay ítems disponibles.